Normal view
MARC view
Entry Personal Name
001 - CONTROL NUMBER
- control field: 12212
003 - CONTROL NUMBER IDENTIFIER
- control field: HDC
005 - DATE AND TIME OF LATEST TRANSACTION
- control field: 20230624073357.0
008 - FIXED-LENGTH DATA ELEMENTS
- fixed length control field: 210208|| aca||aabn | a|a d
040 ## - CATALOGING SOURCE
- Original cataloging agency: HDC
- Transcribing agency: HDC
100 ## - HEADING--PERSONAL NAME
- Personal name: Lee, Hooi Boon
670 ## - SOURCE DATA FOUND
- Source citation: Work cat.: (HDC): Lee, Hooi Boon, author, Penang issues 659 halal certificates for Q1 of 2015 /, [no year]
